[Event "Elit(Stockholms SS-Vasteras)"]
[Site "?"]
[Date "2021.12.04"]
[Round "1"]
[White "Sjodahl, Pontus"]
[Black "Lokander, Martin"]
[Result "1-0"]
[WhiteElo "2410"]
[BlackElo "2474"]
[PlyCount "125"]
[SourceDate "2021.12.11"]

1. d4 d5 2. c4 c6 3. Nf3 Nf6 4. Qc2 g6 5. g3 Bg7 6. Bg2 O-O 7. O-O Bf5 8. Qb3
Qb6 9. Nc3 Qxb3 10. axb3 Bc2 11. Ra3 Rd8 12. Bf4 Nbd7 13. Rc1 Bf5 14. h3 dxc4
15. bxc4 Ne4 16. Nh4 Nxc3 17. bxc3 e5 18. Bg5 f6 19. Nxf5 gxf5 20. Be3 Nb6 21.
c5 Nc4 22. Rb3 Nxe3 23. fxe3 Bh6 24. Kf2 exd4 25. cxd4 Rd7 26. g4 fxg4 27. hxg4
Re8 28. Rc4 Kg7 29. Ra4 a6 30. Rab4 Ree7 31. e4 Bd2 32. Rc4 Bf4 33. Kf3 Bh2 34.
e3 Kg6 35. Rc1 Bb8 36. Rh1 Rf7 37. Bf1 Ba7 38. Bc4 Rfe7 39. Rb2 Rd8 40. Rbh2
Rh8 41. Rh6+ Kg7 42. g5 fxg5 43. e5 Bxc5 44. dxc5 Rxe5 45. Bd3 Rxc5 46. Rxh7+
Rxh7 47. Rxh7+ Kf6 48. Rxb7 a5 49. Ra7 Ke5 50. Bh7 Rb5 51. Ra6 Rc5 52. Bg6 Kd6
53. Ra7 Rb5 54. Bd3 Rc5 55. Ke2 Re5 56. Kd2 Rc5 57. Rg7 Re5 58. e4 Kc5 59. Kc3
a4 60. Ra7 g4 61. Rxa4 g3 62. Ra2 Re7 63. Ra5+ 1-0

[Event "Elit(Eksjo-Limhamn)"]
[Site "?"]
[Date "2021.12.04"]
[Round "1"]
[White "Gajic, Mladen"]
[Black "Johansson, Linus"]
[Result "1-0"]
[WhiteElo "2308"]
[BlackElo "2479"]
[PlyCount "105"]

1. d4 Nf6 2. Bg5 e6 3. e4 h6 4. Bxf6 Qxf6 5. c3 c5 6. Nf3 cxd4 7. cxd4 Bb4+ 8.
Nc3 O-O 9. Bd3 d6 10. O-O Bxc3 11. bxc3 e5 12. Rb1 Nc6 13. Qa4 Qe7 14. Nd2 Qc7
15. Qc4 Qd8 16. f4 Na5 17. Qb4 b6 18. Nc4 Nxc4 19. Bxc4 Bb7 20. dxe5 dxe5 21.
fxe5 a5 22. Qxb6 Bxe4 23. Qxd8 Raxd8 24. Rbd1 Rc8 25. Rd4 Rxc4 26. Rxc4 Bd3 27.
Rc5 Bxf1 28. Kxf1 a4 29. c4 Ra8 30. Ke2 Kf8 31. Kd3 Ke7 32. Ke4 a3 33. Rc7+ Ke6
34. Rc6+ Kd7 35. Kd5 Ra5+ 36. c5 Ra4 37. Rb6 Kc7 38. Rb3 Ra8 39. Rf3 Rd8+ 40.
Kc4 Rd2 41. Rxf7+ Kc6 42. Rxg7 Rxa2 43. Rg6+ Kc7 44. Kb3 Ra1 45. g3 h5 46. Rh6
h4 47. Rxh4 Kc6 48. Re4 a2 49. e6 Rh1 50. Kxa2 Rxh2+ 51. Kb3 Rh8 52. e7 Re8 53.
Re5 1-0

[Event "Elit(Stockholms SS-Vasteras)"]
[Site "?"]
[Date "2021.12.04"]
[Round "1"]
[White "Westerberg, Jonathan"]
[Black "Akesson, Ralf"]
[Result "1-0"]
[WhiteElo "2495"]
[BlackElo "2385"]
[PlyCount "105"]

1. e4 c5 2. Nf3 d6 3. d4 cxd4 4. Qxd4 a6 5. c4 Nc6 6. Qe3 g6 7. Be2 Bg7 8. O-O
Nf6 9. h3 O-O 10. Rd1 Qc7 11. Nc3 b6 12. Bd2 e6 13. Rac1 Re8 14. Qg5 Bb7 15.
Qh4 Ne5 16. Nd4 Rac8 17. b3 Qe7 18. f3 Ned7 19. Bg5 Qf8 20. Qf2 h6 21. Be3 Qe7
22. Qh4 Kh7 23. Bd3 d5 24. exd5 Nxd5 25. Qxe7 Nxe7 26. Be4 Bxe4 27. Nxe4 Rc7
28. Nd6 Rf8 29. f4 Nc5 30. Nf3 Nc6 31. Bxc5 bxc5 32. Ne4 Nd4 33. Kf2 Rd8 34.
Rd3 f5 35. Ng3 Re8 36. Re1 Nxf3 37. Kxf3 e5 38. fxe5 Rxe5 39. Rxe5 Bxe5 40. Ne2
Kg7 41. Rd8 Kf6 42. Nc1 Re7 43. Ne2 g5 44. Rd5 Rc7 45. g4 f4 46. h4 Ke6 47. Ke4
Bf6 48. hxg5 hxg5 49. Ng1 Bd4 50. Nf3 Be3 51. Nxg5+ Kf6 52. Rf5+ Kg6 53. Nh3
1-0

[Event "Elit(Eksjo-Limhamn)"]
[Site "?"]
[Date "2021.12.04"]
[Round "1"]
[White "Haubro, Martin"]
[Black "Lukez, Franko"]
[Result "1/2-1/2"]
[WhiteElo "2410"]
[BlackElo "2284"]
[PlyCount "187"]

1. e4 g6 2. d4 Bg7 3. Nc3 d6 4. Be3 Nd7 5. h4 h5 6. Nh3 c5 7. Ng5 Qa5 8. Bc4
Nh6 9. O-O O-O 10. f3 Nb6 11. Be2 cxd4 12. Bxd4 Bxd4+ 13. Qxd4 f6 14. Bc4+ Nxc4
15. Qxc4+ Kg7 16. Ne6+ Bxe6 17. Qxe6 Qb6+ 18. Kh1 Qxb2 19. Nd5 Rf7 20. Rfb1 Qe5
21. Qxe5 fxe5 22. Nc7 Rb8 23. Na6 Rc8 24. Rxb7 e6 25. Rb2 Rd7 26. Rd1 Nf7 27.
Rd2 d5 28. Re2 Rd6 29. Nb4 Rb6 30. Rb3 Rc4 31. Nd3 Kf6 32. Kg1 Rbc6 33. Nb4
R6c5 34. Nd3 Rc7 35. Rb2 Ra4 36. exd5 exd5 37. g3 Rac4 38. Kf1 Kf5 39. Kg2 Re7
40. Nb4 Ke6 41. Nd3 Kf6 42. Rb5 Rd7 43. Ra5 Rdc7 44. Ne1 Ke6 45. Re3 Nd6 46.
Rea3 e4 47. Rxa7 exf3+ 48. Kxf3 Rxa7 49. Rxa7 Nb5 50. Ra5 Nd4+ 51. Kf2 Nxc2 52.
Nd3 Nb4 53. Nf4+ Kf5 54. a3 Nc6 55. Rxd5+ Ke4 56. Rd2 Ne5 57. Kg2 Kf5 58. Kh3
g5 59. hxg5 h4 60. Ng2 Rc3 61. Nxh4+ Kxg5 62. Rd5 Kf6 63. Ra5 Nd3 64. Ra6+ Ke5
65. Ng6+ Kf5 66. Kh4 Nf2 67. Ne7+ Ke5 68. Ra4 Rb3 69. g4 Rh3+ 70. Kg5 Ne4+ 71.
Kg6 Rg3 72. Nc6+ Kd5 73. Nb4+ Ke5 74. Ra5+ Kd4 75. g5 Kc4 76. Nc2 Kb3 77. Nd4+
Kb2 78. a4 Ka3 79. Ne6 Kb4 80. Ra8 Nxg5 81. Nxg5 Ra3 82. Kf5 Rxa4 83. Rb8+ Kc4
84. Nf3 Ra5+ 85. Ke4 Ra1 86. Rc8+ Kb5 87. Kd5 Rd1+ 88. Nd4+ Kb4 89. Ra8 Rh1 90.
Rb8+ Kc3 91. Rb3+ Kd2 92. Rg3 Rh7 93. Nc6 Ke2 94. Ra3 1/2-1/2

[Event "Elit(Stockholms SS-Vasteras)"]
[Site "?"]
[Date "2021.12.04"]
[Round "1"]
[White "Carlsson, Ludvig"]
[Black "Hauge, Lars Oskar"]
[Result "1-0"]
[WhiteElo "2372"]
[BlackElo "2490"]
[PlyCount "181"]

1. d4 f5 2. Bf4 Nf6 3. e3 g6 4. h4 h6 5. Qf3 d6 6. Nc3 c6 7. Bc4 d5 8. Qg3 Be6
9. Be2 Rg8 10. Nf3 Nbd7 11. Bc7 Qc8 12. a4 Bf7 13. Bf4 e6 14. Bd6 Bxd6 15. Qxd6
Qb8 16. Qf4 Rh8 17. a5 Ke7 18. Qxb8 Raxb8 19. Na2 Ng4 20. Nb4 Rhc8 21. c3 e5
22. Nxe5 Ngxe5 23. dxe5 Nxe5 24. f4 Nd7 25. Nd3 Kf6 26. Kf2 Re8 27. g4 fxg4 28.
Bxg4 Be6 29. Bxe6 Rxe6 30. Rag1 c5 31. Rg3 c4 32. Nb4 Nc5 33. Kf3 Kf7 34. h5 g5
35. fxg5 Ne4 36. g6+ Kg7 37. Rg2 Rf8+ 38. Ke2 Re5 39. Rh4 Nf6 40. Rgh2 Ne4 41.
Rg2 Nc5 42. Rgh2 a6 43. Rd4 Rff5 44. Rdh4 Ne4 45. Rg2 Nf6 46. Rd4 Nxh5 47. Kd2
Nf6 48. Ke2 h5 49. Nc2 Ne4 50. Ne1 Ng5 51. Rh4 Kxg6 52. Rh1 Re4 53. Rgh2 Ne6
54. Nf3 Kf6 55. Nh4 Rg5 56. Nf3 Rf5 57. Nh4 Rfe5 58. Rf2+ Rf4 59. Nf3 Ree4 60.
Rxh5 Ke7 61. Rh7+ Kd6 62. Rh6 Rf5 63. Nd4 Rxf2+ 64. Kxf2 Kd7 65. Rh7+ Kc8 66.
Nf5 Kb8 67. Nd6 Re5 68. Rxb7+ Ka8 69. Re7 Nc5 70. Rxe5 Nd3+ 71. Ke2 Nxe5 72. e4
Nc6 73. exd5 Nxa5 74. Ke3 Kb8 75. Kd4 Kc7 76. Nxc4 Nb3+ 77. Kd3 Nc5+ 78. Kc2
Ne4 79. Nd2 Nf6 80. c4 Kb6 81. Kd3 Nd7 82. Ne4 a5 83. Kd4 a4 84. c5+ Kb5 85.
Nc3+ Kb4 86. c6 Nb6 87. d6 Nc8 88. Kd5 a3 89. bxa3+ Kxc3 90. d7 Ne7+ 91. Kc5
1-0

[Event "Elit(Eksjo-Vaxjo)"]
[Site "?"]
[Date "2021.12.03"]
[Round "6"]
[White "Solodovnichenko, Yuri"]
[Black "Gdanski, Jacek"]
[Result "1-0"]
[WhiteElo "256"]
[BlackElo "2499"]
[PlyCount "97"]
[EventDate "2021.??.??"]

1. e4 e6 2. d4 d5 3. Nc3 Bb4 4. Nge2 Ne7 5. a3 Ba5 6. g3 dxe4 7. b4 Bb6 8. Nxe4
a5 9. b5 Qd5 10. N2c3 Qxd4 11. Qe2 Nd7 12. Bb2 O-O 13. Rd1 Qe5 14. Bh3 c6 15.
Na4 Qxb5 16. Qg4 Ng6 17. Nd6 f5 18. Qe2 Qxa4 19. Nxc8 Raxc8 20. Qxe6+ Rf7 21.
Rxd7 Rcf8 22. O-O Qxc2 23. Ba1 f4 24. Rxf7 Rxf7 25. Qe8+ Nf8 26. Be6 Qg6 27.
Bxf7+ Qxf7 28. Qxf7+ Kxf7 29. Rb1 Nd7 30. gxf4 g6 31. Kg2 Ke6 32. Kf3 Kd5 33.
Rd1+ Ke6 34. Re1+ Kf7 35. Rb1 Ke6 36. h4 h5 37. Rg1 Kf7 38. f5 gxf5 39. Rg5 Ke6
40. Rxh5 Ne5+ 41. Bxe5 Kxe5 42. Rh7 Bc5 43. Rxb7 Bxa3 44. Ra7 Bb4 45. h5 Bd2
46. Ke2 Bh6 47. Rxa5+ Kf6 48. Rc5 Kg5 49. Kf3 1-0

[Event "Elit(Eksjo-Vaxjo)"]
[Site "?"]
[Date "2021.12.03"]
[Round "6"]
[White "Heberla, Bartlomiej"]
[Black "Sumets, Andrey"]
[Result "1/2-1/2"]
[WhiteElo "2560"]
[BlackElo "2527"]
[PlyCount "81"]
[EventDate "2021.??.??"]

1. e4 c6 2. d4 d5 3. e5 Bf5 4. h4 Qc7 5. Nc3 h5 6. Nge2 e6 7. Ng3 Bg6 8. Be3
Nd7 9. Be2 c5 10. f4 Nh6 11. O-O Nf5 12. Nxf5 Bxf5 13. Nb5 Qc6 14. dxc5 Bxc5
15. Bxc5 Qxc5+ 16. Kh2 O-O 17. Nd4 g6 18. Nxf5 exf5 19. Bxh5 Qe7 20. Be2 Qxh4+
21. Kg1 Nb6 22. Qd4 Rac8 23. c3 Qe7 24. Rad1 Rfd8 25. Rf3 Qc5 26. Qxc5 Rxc5 27.
Rfd3 Kf8 28. Rd4 Ke7 29. Rb4 f6 30. exf6+ Kxf6 31. Kf2 Rd7 32. Rbd4 Rdc7 33.
Bf3 Rb5 34. R1d2 Nc4 35. Rxd5 Rxd5 36. Rxd5 Nxb2 37. Rd6+ Kg7 38. Kg3 Nc4 39.
Rd3 Nb6 40. Kh4 Kh6 41. g4 1/2-1/2

[Event "Elit(Eksjo-Vaxjo)"]
[Site "?"]
[Date "2021.12.03"]
[Round "6"]
[White "Hillarp, Tiger"]
[Black "Gajic, Mladen"]
[Result "0-1"]
[WhiteElo "2528"]
[BlackElo "2308"]
[PlyCount "80"]
[EventDate "2021.??.??"]

1. d4 e6 2. Nf3 f5 3. h3 b6 4. Bf4 Nf6 5. e3 Bb7 6. Bd3 Bd6 7. Bxd6 cxd6 8.
Nbd2 Nc6 9. a3 Qe7 10. c4 g6 11. Qe2 e5 12. dxe5 dxe5 13. e4 O-O 14. O-O Rae8
15. Rfe1 Nh5 16. Qe3 f4 17. Qe2 d6 18. b4 Bc8 19. Rac1 Ng7 20. c5 dxc5 21. Bb5
Bd7 22. bxc5 bxc5 23. Qc4+ Ne6 24. Bxc6 Bxc6 25. Nxe5 Ba8 26. Ndf3 Kh8 27. Rcd1
Rd8 28. Qc3 Kg8 29. Ng4 h5 30. Rxd8 Qxd8 31. Qc4 Qe7 32. Nge5 Kg7 33. Qc3 Kh6
34. Nd3 Qd6 35. h4 Bb7 36. Rb1 Bxe4 37. Nfe5 Nd4 38. Re1 Bxd3 39. Nxd3 f3 40.
Kh1 fxg2+ 0-1

[Event "Elit(Eksjo-Vaxjo)"]
[Site "?"]
[Date "2021.12.03"]
[Round "6"]
[White "Lukez, Franko"]
[Black "Lindberg, Bengt"]
[Result "0-1"]
[WhiteElo "284"]
[BlackElo "2378"]
[PlyCount "80"]
[EventDate "2021.??.??"]

1. Nf3 Nf6 2. g3 d5 3. Bg2 e6 4. O-O Be7 5. d3 Nc6 6. c4 O-O 7. a3 a5 8. Nc3 d4
9. Nb5 e5 10. e3 dxe3 11. fxe3 Bg4 12. Qc2 Qd7 13. Nc3 Rad8 14. Ne1 Bh3 15.
Bxh3 Qxh3 16. Qg2 Qe6 17. b3 Bc5 18. Kh1 Rd7 19. Bd2 Ng4 20. Nd5 Ne7 21. b4 Ba7
22. Nxe7+ Rxe7 23. c5 f5 24. h3 Nf6 25. e4 fxe4 26. dxe4 Qc4 27. Bg5 Ref7 28.
Rc1 Qxe4 29. Bxf6 Qg6 30. Qd5 c6 31. Qb3 gxf6 32. Ng2 Kh8 33. Qe3 axb4 34. axb4
Rg8 35. Kh2 Qg5 36. Qb3 Rfg7 37. Rc3 Bb8 38. Nh4 Qd2+ 39. Kh1 Qe2 40. Rcf3 Rxg3
0-1

[Event "Elit(Eksjo-Vaxjo)"]
[Site "?"]
[Date "2021.12.03"]
[Round "6"]
[White "Fransson, Patrick"]
[Black "Vernersson, Per"]
[Result "0-1"]
[WhiteElo "2150"]
[BlackElo "2253"]
[PlyCount "132"]
[EventDate "2021.??.??"]

1. d4 d5 2. Bg5 h6 3. Bh4 c6 4. c3 Bf5 5. e3 Nd7 6. Bd3 Bxd3 7. Qxd3 Qb6 8. Qc2
Ngf6 9. Nf3 e6 10. O-O Be7 11. Nbd2 O-O 12. Ne5 Qd8 13. f4 Ne8 14. Bg3 f5 15.
Ndf3 Nd6 16. c4 Nxe5 17. Nxe5 Bf6 18. cxd5 exd5 19. Be1 Ne4 20. Bb4 Re8 21. Qe2
a5 22. Ba3 Be7 23. Qh5 Rf8 24. Bxe7 Qxe7 25. g4 fxg4 26. Qxg4 Rf6 27. Kh1 Qe6
28. Qg2 Kh7 29. Rf3 Rg8 30. Ng4 Rff8 31. Raf1 Qf5 32. Ne5 Nd6 33. Rg3 Qe4 34.
Rff3 Qb1+ 35. Rf1 Qe4 36. Rff3 Nf5 37. Rh3 Rf6 38. Rf1 Qxg2+ 39. Kxg2 g5 40.
Ng4 gxf4 41. Kf3 Re6 42. Ne5 fxe3 43. Ke2 Nxd4+ 44. Kxe3 Nc2+ 45. Kd3 Nb4+ 46.
Kd4 c5+ 47. Kxc5 Rxe5 48. Rf6 Rg6 49. Rf7+ Rg7 50. Rf6 h5 51. Rd6 Nxa2 52. Ra3
Nb4 53. Rxa5 Nc6 54. Ra1 d4+ 55. Kc4 Re2 56. b4 Rb2 57. Ra4 Rg5 58. Rd7+ Rg7
59. Rd5 Rc2+ 60. Kb5 Rxh2 61. Kb6 Kh6 62. b5 Rb2 63. Kc5 Rc2+ 64. Kb6 Ne7 65.
Rdxd4 Nc8+ 66. Ka5 Rb2 0-1

[Event "Elit(Eksjo-Vaxjo)"]
[Site "?"]
[Date "2021.12.03"]
[Round "6"]
[White "Rothen, Hakan"]
[Black "Lindborg, Patrik"]
[Result "0-1"]
[WhiteElo "2240"]
[BlackElo "2137"]
[PlyCount "144"]
[EventDate "2021.??.??"]

1. d4 Nf6 2. Nf3 g6 3. c4 Bg7 4. Nc3 O-O 5. e4 d6 6. Be2 Bg4 7. Be3 Nfd7 8. O-O
c5 9. d5 Na6 10. Qd2 Re8 11. h3 Bxf3 12. Bxf3 Nc7 13. Be2 a6 14. a4 e6 15. dxe6
Nxe6 16. Qxd6 Nd4 17. Bxd4 cxd4 18. Nd5 Rxe4 19. Bd3 Re6 20. Qb4 Bf8 21. Qd2
Nf6 22. Nxf6+ Qxf6 23. b4 a5 24. bxa5 Re5 25. Rfb1 Rexa5 26. Qc2 b6 27. Be4 Rc8
28. Qd3 Rc7 29. Rb5 Rca7 30. Qb3 Bc5 31. Bd3 Kg7 32. Qc2 h5 33. Rxa5 Rxa5 34.
Rb1 h4 35. Rb5 Qf4 36. Rxa5 bxa5 37. Qd1 Bd6 38. Kf1 Bb4 39. Be2 Kf8 40. Bf3
Qe5 41. Kg1 Ke7 42. Kf1 d3 43. g3 hxg3 44. fxg3 Qe3 45. c5 Kf8 46. Kg2 Bxc5 47.
Qf1 Kg7 48. h4 f5 49. Bd1 Kf6 50. g4 f4 51. g5+ Ke5 52. Bf3 Bd4 53. Kh3 Qf2 54.
Qxf2 Bxf2 55. Kg4 Bc5 56. h5 gxh5+ 57. Kxh5 Kd4 58. g6 Bf8 59. Kg4 Ke3 60. Bd1
Bg7 61. Bf3 Bh6 62. Bd1 Kd2 63. Kh5 Bg7 64. Bf3 Ke1 65. Kg5 d2 66. Kxf4 d1=Q
67. Bxd1 Kxd1 68. Ke3 Kc2 69. Ke2 Kb3 70. Kd3 Kxa4 71. Kc2 Kb4 72. Kb1 Kb3 0-1

[Event "Elit(Eksjo-Vaxjo)"]
[Site "?"]
[Date "2021.12.03"]
[Round "6"]
[White "Alle Wahlin, Ambjorn"]
[Black "Krantz, Christopher"]
[Result "1/2-1/2"]
[WhiteElo "2290"]
[BlackElo "2245"]
[PlyCount "70"]
[EventDate "2021.??.??"]

1. Nf3 g6 2. e4 Bg7 3. d4 c6 4. Nc3 d5 5. h3 dxe4 6. Nxe4 Nf6 7. Bd3 Nxe4 8.
Bxe4 O-O 9. O-O Nd7 10. Re1 c5 11. c3 Qc7 12. Be3 Nf6 13. Bc2 cxd4 14. Bxd4 Bf5
15. Bxf5 gxf5 16. Qc2 Ne4 17. Bxg7 Kxg7 18. Nd4 e6 19. f3 Ng3 20. Qd2 Kh8 21.
Nb5 Qc5+ 22. Qd4+ Qxd4+ 23. Nxd4 Nh5 24. Rad1 Rfd8 25. Ne2 Kg7 26. g4 fxg4 27.
hxg4 Nf6 28. Nf4 h6 29. Kf2 Rxd1 30. Rxd1 Rc8 31. Ke3 Rc5 32. Rd2 Re5+ 33. Kf2
Rc5 34. Ke3 Re5+ 35. Kf2 Rc5 1/2-1/2

[Event "Elit(Eksjo-Vaxjo)"]
[Site "?"]
[Date "2021.12.03"]
[Round "6"]
[White "Malesevic, Nedeljko"]
[Black "Olofsson-Dolk, Mattis"]
[Result "1/2-1/2"]
[WhiteElo "253"]
[BlackElo "2179"]
[PlyCount "56"]
[EventDate "2021.??.??"]

1. d4 Nf6 2. c4 g6 3. Nc3 d5 4. Nf3 Bg7 5. Bg5 Ne4 6. cxd5 Nxg5 7. Nxg5 e6 8.
Qd2 h6 9. Nf3 exd5 10. Qe3+ Be6 11. g3 O-O 12. Bg2 c5 13. Qd2 Nc6 14. e3 cxd4
15. Nxd4 Nxd4 16. exd4 Qb6 17. Ne2 Bg4 18. O-O Bxe2 19. Qxe2 Rfe8 20. Qd2 Qxd4
21. Qxd4 Bxd4 22. Bxd5 Bxb2 23. Rab1 Re2 24. Bxb7 Rd8 25. Bf3 Red2 26. Rfd1
Rxd1+ 27. Rxd1 Rxd1+ 28. Bxd1 Be5 1/2-1/2